United Nations Geoscheme - Europe - Statistics

General Stats
  • This quiz has been taken 51 times
  • The average score is 37 of 52
Answer Stats
Answer % Correct
Denmark
90%
Estonia
87%
Albania
80%
Andorra
80%
Belarus
80%
Finland
80%
Iceland
80%
Ireland
80%
Bosnia and Herzegovina
77%
Bulgaria
77%
Croatia
77%
Czechia
77%
Greece
77%
Kosovo
77%
Romania
77%
Russia
77%
Slovenia
77%
Spain
77%
Sweden
77%
United Kingdom
77%
Austria
73%
Belgium
73%
France
73%
Germany
73%
Italy
73%
Latvia
73%
Liechtenstein
73%
Lithuania
73%
Moldova
73%
North Macedonia
73%
Norway
73%
Poland
73%
Portugal
73%
Serbia
73%
Slovakia
73%
Ukraine
73%
Vatican City
73%
Hungary
70%
Luxembourg
70%
Monaco
70%
Montenegro
70%
Netherlands
70%
San Marino
70%
Switzerland
70%
Faroe Islands (Denmark)
60%
Jersey (UK)
60%
Guernsey (UK)
57%
Svalbard (Norway)
57%
Isle of Man (UK)
50%
Jan Mayen (Norway)
50%
Gibraltar (UK)
23%
Sark (UK)
17%
No matching quizzes found
Score Distribution
Percent of People with Each Score
Percentile by Number Answered
Your Score History
You have not taken this quiz